00671nam a2200229 a 4500001001300000003000900013005001700022008004100039020000900080082001900089100002100108245002700129260004100156300000900197500003500206505003400241650001600275902000800291942000700299952011800306999001700424nice12345678IN_TiNIC20260116013914.0050524s1990 newa grp 000 0 eng  ac9500a305.40954bKRI aKrishnan, Prabha aAffirmation and Denial aNew Delhi bSage Publications c1990 a128p aincludes index and biblioraphy2 aAppendix, Bibliography, Index aWomen-India bSRS cBK 001040708StackRoom-aHMIbHMId2007-03-21g95.00l0o305.40954 KRIp016114r2007-03-21v95.00w2005-05-24yBK c13048d13048